| 000 | 00205nam a22000737a 4500 | ||
|---|---|---|---|
| 999 |
_c23969 _d23969 |
||
| 003 | Nust | ||
| 005 | 20170308113752.0 | ||
| 008 | 140429b xxu||||| |||| 00| 0 eng d | ||
| 010 | _a2003059137 | ||
| 020 |
_cAvailable _a038795273-x |
||
| 040 |
_aDLC _bDLC _cRCMS |
||
| 082 | _a005.82 HAN | ||
| 100 | _aHankerson, Darrel R. | ||
| 245 | _aGuide to elliptic curve cryptography | ||
| 260 |
_aNew - York _bSpringer _cc2004 |
||
| 300 |
_axx,309,p: _bill _c25,cm. |
||
| 650 | _a1.Computer Security 2. Public Key Cryptography | ||
| 856 | _3Table of content only | ||
| 942 |
_2ddc _cBK |
||